000 00183 a2200097 4500
020 _a9780316025089
041 _aeng
100 _aVon Ziegesar, Cecily
245 _aTempted
942 _cBK
999 _c9305
_d9305